Beyond the magic bullet : (Record no. 6813)

MARC details
000 -LEADER
fixed length control field 01522cam a2200349 a 4500
001 - CONTROL NUMBER
control field 4451723
003 - CONTROL NUMBER IDENTIFIER
control field OSt
005 - DATE AND TIME OF LATEST TRANSACTION
control field 20210311121502.0
008 - FIXED-LENGTH DATA ELEMENTS--GENERAL INFORMATION
fixed length control field 950807s1996 ctua b 101 0 eng
010 ## - LIBRARY OF CONGRESS CONTROL NUMBER
LC control number 95020653
020 ## - INTERNATIONAL STANDARD BOOK NUMBER
International Standard Book Number 1565490525 (alk. paper)
020 ## - INTERNATIONAL STANDARD BOOK NUMBER
International Standard Book Number 1565490517 (pbk. : alk. paper)
040 ## - CATALOGING SOURCE
Original cataloging agency DLC
Transcribing agency DDC
Modifying agency DLC
043 ## - GEOGRAPHIC AREA CODE
Geographic area code d------
050 00 - LIBRARY OF CONGRESS CALL NUMBER
Classification number HD2769.15
Item number .B48 1996
082 00 - DEWEY DECIMAL CLASSIFICATION NUMBER
Classification number 338.6BEY 1996
100 ## - MAIN ENTRY--PERSONAL NAME
Personal name editors, Michael Edwards, David Hulme.
9 (RLIN) 13950
245 00 - TITLE STATEMENT
Title Beyond the magic bullet :
Remainder of title NGO performance and accountability in the post-cold war world /
Statement of responsibility, etc. editors, Michael Edwards, David Hulme.
260 ## - PUBLICATION, DISTRIBUTION, ETC. (IMPRINT)
Place of publication, distribution, etc. West Hartford, Conn. :
Name of publisher, distributor, etc. Kumarian Press,
Date of publication, distribution, etc. c1996.
300 ## - PHYSICAL DESCRIPTION
Extent x, 285 p. :
Other physical details ill. ;
Dimensions 24 cm.
440 #0 - SERIES STATEMENT/ADDED ENTRY--TITLE
Title Kumarian Press books on international development
9 (RLIN) 13951
500 ## - GENERAL NOTE
General note "Published under the auspices of the Save the Children Fund--U.K."
504 ## - BIBLIOGRAPHY, ETC. NOTE
Bibliography, etc Includes bibliographical references and index.
650 #0 - SUBJECT ADDED ENTRY--TOPICAL TERM
Topical term or geographic name as entry element Nonprofit organizations
General subdivision Evaluation
-- Congresses.
9 (RLIN) 13952
650 #0 - SUBJECT ADDED ENTRY--TOPICAL TERM
Topical term or geographic name as entry element Non-governmental organizations
General subdivision Evaluation
-- Congresses.
9 (RLIN) 13953
650 #0 - SUBJECT ADDED ENTRY--TOPICAL TERM
Topical term or geographic name as entry element Non-governmental organizations
Geographic subdivision Developing countries
General subdivision Congresses.
9 (RLIN) 13954
700 1# - ADDED ENTRY--PERSONAL NAME
Personal name Edwards, Michael,
Dates associated with a name 1957-
9 (RLIN) 7402
700 1# - ADDED ENTRY--PERSONAL NAME
Personal name Hulme, David.
9 (RLIN) 7401
906 ## - LOCAL DATA ELEMENT F, LDF (RLIN)
a 7
b cbc
c orignew
d 1
e ocip
f 19
g y-gencatlg
942 ## - ADDED ENTRY ELEMENTS (KOHA)
Source of classification or shelving scheme Dewey Decimal Classification
Koha item type Newspaper
Holdings
Withdrawn status Lost status Source of classification or shelving scheme Damaged status Not for loan Home library Current library Date acquired Source of acquisition Inventory number Total Checkouts Full call number Barcode Date last seen Price effective from Koha item type
    Dewey Decimal Classification     MUST Main Library MUST Main Library 11/03/2021 purchase 04/23055   338.6BEY 1996 2021-0260 11/03/2021 11/03/2021 Open Shelf